00809nam a22002057a 450000100060000000300080000600500170001400800410003103500190007204000350009104100080012608200260013410000290016024501520018926000820034130000370042350200910046050400340055165000180058580869BD-RjUL20230605120302.0221201s1975 bg a|||| m||| 00| 0 eng d a(BD-RjUL)80869 aBD-RjULbengcBD-RjULdBD-RjUL aeng 223a598.633bRAG 1975 aRahman, Mohammad Anisar 10aGenetical studies of ultraviolet sensitive nutains of coprinus lagopus and the effect of visible light on viability / cby Mohammad Anisar Rahman ; aLondon :bDepartment of Botany King's College 68 Half Moon Lane, Londonc1973 a1 - 211 leaves :bill, ;c30.cm. aThesis (Ph. D.) -- Department of Botany King's College 68 Half Moon Lane, London, 1975 aReferences : Leaves 177 - 186 aLagopusvAves